| 000 | 00000nam##2200000za#4500 |
| 001 | 9.623455 |
| 003 | CaOODSP |
| 005 | 20200401034514 |
| 007 | ta |
| 008 | 150406|1994||||xxc||||| f|0| 0 fre|d |
| 020 | |a0-662-80439-2 |
| 022 | |a1188-7990 |
| 040 | |aCaOODSP|bfre |
| 043 | |an-cn--- |
| 086 | 1 |aEn1-17/17-1994F |
| 110 | 1 |aCanada. |bEnvironnement Canada. |bService de la protection de l'environnement. |
| 245 | 10|aEaux usées industrielles: récupération des métaux lourds présents dans des effluents industriels par la technologie Thermonic / |cpar Daniel Coté et Pierre Sylvestre. |
| 260 | |aMontréal - Québec : |bEnvironnement Canada. |c1994. |
| 300 | |a4p. : |bfigures en couleur, tableaux ; |c28 cm. |
| 490 | 1 |aTechnologies Saint-Laurent|x1188-7990 |
| 563 | |aDépliant |
| 590 | |a95-29|b1995-07-21 |
| 691 | 07|aGestion des déchets|2gcpds |
| 720 | 1 |aCoté, Daniel |
| 720 | 1 |aSylvestre, Pierre |
| 775 | 08|tIndustrial wastewater: recovery of heavy metals from industrial effluents using the Thermonic technology / |w(CaOODSP)9.612479 |
| 776 | 0#|tEaux usées industrielles. Récupération des métaux lourds présents dans des effluents industriels par la technologie Thermonic |w(CaOODSP)9.601860 |
| 830 | #0|aTechnologies Saint-Laurent,|x1188-7990|w(CaOODSP)9.512939 |